[Event "Leicestershire County-ch"]
[Site "Leicester"]
[Date "2010.07.01"]
[Round "3"]
[White "Byron, Alan M"]
[Black "Farrall, David J"]
[Result "1-0"]
[WhiteElo "2194"]
[BlackElo "1855"]
[PlyCount "79"]
[EventDate "2010.05.27"]
[EventType "swiss"]
[EventRounds "6"]
[EventCountry "ENG"]
[SourceTitle "EXT 2019"]
[Source "ChessBase"]
[SourceDate "2018.10.10"]
[SourceVersion "1"]
[SourceVersionDate "2018.10.10"]
[SourceQuality "1"]

1. d4 d5 2. Nf3 Nf6 3. c4 c6 4. Nc3 e6 5. e3 Nbd7 6. Be2 dxc4 7. Bxc4 b5 8. Bd3 Bb7 9. 0-0 a6 10. e4 c5 11. d5 Qb6 12. dxe6 fxe6 13. e5 Nd5 14. Bg5 c4 15. Bb1 Nxc3 16. bxc3 Bc5 17. Nd4 Nxe5 18. Re1 Bxd4 19. cxd4 Nf7 20. Bh4 0-0 21. Be7 Rfe8 22. Bc5 Qc7 23. Qh5 Nh6 24. Re5 Qf7 25. Qe2 Bd5 26. Bc2 Qb7 27. f3 Rac8 28. Re1 a5 29. f4 Nf7 30. Rh5 Nh6 31. Bd6 Qf7 32. Be5 b4 33. Rg5 g6 34. h4 Nf5 35. h5 Nh4 36. hxg6 Nxg6 37. Qh5 Kf8 38. Bxg6 hxg6 39. Rxg6 Qb7 40. Bd6+ 1-0

[Event "Leicester"]
[Site "Lutterworth"]
[Date "2009.06.20"]
[Round "2"]
[White "Farrall, David J"]
[Black "Padilla Cabero, Pablo"]
[Result "1-0"]
[WhiteElo "1803"]
[BlackElo "2168"]
[PlyCount "95"]
[EventDate "2009.06.19"]
[EventType "tourn"]
[EventRounds "7"]
[EventCountry "ENG"]
[SourceTitle "CBM 131 Extra"]
[Source "ChessBase"]
[SourceDate "2009.09.03"]
[SourceVersion "2"]
[SourceVersionDate "2009.09.16"]
[SourceQuality "1"]

1. d4 e5 2. dxe5 Nc6 3. Nf3 Nge7 4. e4 Ng6 5. Nc3 Ncxe5 6. Nxe5 Nxe5 7. Be3 Bb4 8. Qd4 Qe7 9. 0-0-0 Bxc3 10. Qxc3 0-0 11. Qxc7 Nc6 12. f3 Qe6 13. b3 Qf6 14. Kb1 a5 15. Bc4 a4 16. Bc1 axb3 17. Bxb3 b5 18. Bb2 Qg5 19. h4 Qh6 20. Rd5 Ra7 21. Qg3 Ne7 22. Rg5 Ng6 23. Rd1 Kh8 24. Rdd5 Rg8 25. Rxb5 d6 26. h5 Nf8 27. Rb8 Ne6 28. Bxe6 fxe6 29. Rgb5 e5 30. R5b6 Qd2 31. Bc1 Qe2 32. Rb2 Be6 33. Rxg8+ Bxg8 34. Qg5 Qc4 35. h6 Qa4 36. hxg7+ Rxg7 37. Qf6 Qa6 38. f4 exf4 39. e5 Qc8 40. exd6 Bd5 41. Bxf4 Kg8 42. d7 Rxd7 43. Be5 Be4 44. Qe6+ Kf8 45. Bd6+ Kg7 46. Qxe4 Rxd6 47. Qe5+ Rf6 48. Rb6 1-0

[Event "BCF-chT3 0809 (4NCL)"]
[Site "Hinckley Island"]
[Date "2009.05.04"]
[Round "11.4"]
[White "St Clair, Allan"]
[Black "Farrall, David J"]
[Result "1-0"]
[WhiteElo "1941"]
[BlackElo "1803"]
[PlyCount "97"]
[EventDate "2008.10.18"]
[EventType "team-swiss"]
[EventRounds "11"]
[EventCountry "ENG"]
[SourceTitle "EXT 2010"]
[Source "ChessBase"]
[SourceDate "2010.11.25"]
[SourceVersion "1"]
[SourceVersionDate "2010.11.25"]
[SourceQuality "1"]
[WhiteTeam "FPONTY"]
[BlackTeam "Leicester III"]
[WhiteTeamCountry "ENG"]
[BlackTeamCountry "ENG"]

1. d4 Nf6 2. Nf3 g6 3. Bf4 d6 4. e3 Bg7 5. c3 0-0 6. Bd3 Nbd7 7. Qc2 Nh5 8. Bg5 Qe8 9. Nbd2 f5 10. 0-0-0 e5 11. dxe5 Nxe5 12. Nxe5 dxe5 13. f3 Be6 14. Bc4 h6 15. Bh4 g5 16. Bf2 Nf6 17. Qb3 Bxc4 18. Nxc4 Qe6 19. Nxe5 Qxb3 20. axb3 Ne4 21. Nd3 Nxf2 22. Nxf2 Rae8 23. Rd3 Be5 24. g3 Bd6 25. b4 Re5 26. Rhd1 a5 27. bxa5 Rxa5 28. Kc2 Re5 29. b4 Kg7 30. e4 Rf7 31. Kb3 fxe4 32. Nxe4 Bf8 33. Rd7 g4 34. Rxf7+ Kxf7 35. Rd3 Kg6 36. Nf2 gxf3 37. Rxf3 Rf5 38. Rxf5 Kxf5 39. Kc4 Bd6 40. Kd5 Be7 41. b5 h5 42. c4 b6 43. Ne4 Bb4 44. h3 Be1 45. g4+ hxg4 46. hxg4+ Kxg4 47. Nf6+ Kf5 48. Ne8 Bg3 49. Kc6 1-0

[Event "BCF-chT3 0809 (4NCL)"]
[Site "Hinckley Island"]
[Date "2009.05.03"]
[Round "10.2"]
[White "Farrall, David J"]
[Black "Taylor, Robert P"]
[Result "1/2-1/2"]
[WhiteElo "1803"]
[BlackElo "1956"]
[PlyCount "90"]
[EventDate "2008.10.18"]
[EventType "team-swiss"]
[EventRounds "11"]
[EventCountry "ENG"]
[SourceTitle "EXT 2010"]
[Source "ChessBase"]
[SourceDate "2010.11.25"]
[SourceVersion "1"]
[SourceVersionDate "2010.11.25"]
[SourceQuality "1"]
[WhiteTeam "Leicester III"]
[BlackTeam "Nottinghamshire II"]
[WhiteTeamCountry "ENG"]
[BlackTeamCountry "ENG"]

1. d4 d5 2. Nf3 Bf5 3. e3 Nf6 4. Bd3 Ne4 5. 0-0 Nd7 6. c4 c6 7. Nc3 e6 8. Qc2 Ndf6 9. Ne5 Qc8 10. f3 Nxc3 11. bxc3 Bxd3 12. Qxd3 Be7 13. e4 0-0 14. Bg5 Qd8 15. Rab1 Qc7 16. Bxf6 Bxf6 17. Ng4 Bg5 18. Rfe1 Rac8 19. c5 b6 20. cxb6 axb6 21. Rb2 Ra8 22. g3 h5 23. Ne5 c5 24. exd5 exd5 25. Qf5 Bf6 26. Nd7 Rfe8 27. Nxf6+ gxf6 28. Rxe8+ Rxe8 29. Qxd5 h4 30. Kg2 hxg3 31. hxg3 cxd4 32. Qxd4 Re6 33. Rd2 Kg7 34. Qg4+ Kf8 35. Qb4+ Kg7 36. Rd4 f5 37. Rd2 Rg6 38. Qd4+ Kh7 39. Qh4+ Kg7 40. Rd8 Rh6 41. Qd4+ Rf6 42. c4 Qe7 43. Kf2 Qa3 44. Qd2 Qc5+ 45. Qd4 Qa3 1/2-1/2

[Event "BCF-chT3 0809 (4NCL)"]
[Site "Hinckley Island"]
[Date "2009.05.02"]
[Round "9.3"]
[White "Farrall, David J"]
[Black "Asbury, Jon A"]
[Result "1-0"]
[WhiteElo "1812"]
[BlackElo "1865"]
[PlyCount "69"]
[EventDate "2008.10.18"]
[EventType "team-swiss"]
[EventRounds "11"]
[EventCountry "ENG"]
[SourceTitle "EXT 2010"]
[Source "ChessBase"]
[SourceDate "2010.11.25"]
[SourceVersion "1"]
[SourceVersionDate "2010.11.25"]
[SourceQuality "1"]
[WhiteTeam "Leicester III"]
[BlackTeam "Halesowen"]
[WhiteTeamCountry "ENG"]
[BlackTeamCountry "ENG"]

1. e4 e6 2. d4 d5 3. Nc3 dxe4 4. Nxe4 Nd7 5. Nf3 Ngf6 6. Nxf6+ Nxf6 7. Bg5 Be7 8. Bd3 0-0 9. Qe2 h6 10. Bh4 c5 11. dxc5 Qa5+ 12. c3 Qxc5 13. 0-0-0 Rd8 14. Ne5 Bd7 15. f4 a6 16. Kb1 b5 17. g4 Bc6 18. Nxc6 Qxc6 19. Bxf6 Bxf6 20. Be4 Qc7 21. Bxa8 Rxa8 22. Qe4 Rc8 23. Rc1 Qb8 24. Rcf1 Rc4 25. Qe3 Qc7 26. g5 hxg5 27. fxg5 Be5 28. Qf3 b4 29. cxb4 Rxb4 30. b3 Rd4 31. Rc1 Qd7 32. Rc2 Rd2 33. Rxd2 Qxd2 34. Qa8+ Kh7 35. Qe4+ 1-0

[Event "Uxbridge op"]
[Site "Denham"]
[Date "2009.02.22"]
[Round "4"]
[White "McIntyre, Paul"]
[Black "Farrall, David J"]
[Result "1-0"]
[WhiteElo "2092"]
[BlackElo "1812"]
[PlyCount "41"]
[EventDate "2009.02.20"]
[EventType "swiss"]
[EventRounds "5"]
[EventCountry "ENG"]
[SourceTitle "EXT 2011"]
[Source "ChessBase"]
[SourceDate "2010.11.26"]
[SourceVersion "1"]
[SourceVersionDate "2010.11.26"]
[SourceQuality "1"]

1. e4 d6 2. d4 Nf6 3. Nc3 g6 4. f3 Bg7 5. Be3 0-0 6. Qd2 c6 7. h4 h5 8. 0-0-0 Qc7 9. Bh6 b5 10. Nge2 Qa5 11. g4 b4 12. Nb1 hxg4 13. h5 Nxh5 14. e5 f6 15. Rxh5 gxh5 16. Ng3 Qd5 17. Nxh5 Bxh6 18. Qxh6 Qf7 19. exf6 exf6 20. Bd3 f5 21. Rh1 1-0

[Event "Uxbridge op"]
[Site "Denham"]
[Date "2009.02.21"]
[Round "2"]
[White "Dawson, Jeffery R"]
[Black "Farrall, David J"]
[Result "1-0"]
[WhiteElo "2033"]
[BlackElo "1812"]
[PlyCount "75"]
[EventDate "2009.02.20"]
[EventType "swiss"]
[EventRounds "5"]
[EventCountry "ENG"]
[SourceTitle "EXT 2011"]
[Source "ChessBase"]
[SourceDate "2010.11.26"]
[SourceVersion "1"]
[SourceVersionDate "2010.11.26"]
[SourceQuality "1"]

1. e4 c5 2. Nf3 d6 3. Bb5+ Nc6 4. 0-0 Bg4 5. h3 Bh5 6. Nc3 a6 7. Be2 e6 8. d3 Be7 9. Nh2 Bxe2 10. Nxe2 Nf6 11. f4 Qb6 12. Be3 0-0-0 13. b4 Nxb4 14. c3 Nc6 15. Rb1 Qc7 16. Qc2 Nd7 17. d4 Ndb8 18. Nf3 h6 19. Nd2 Rdg8 20. a4 g5 21. f5 g4 22. h4 Bxh4 23. Nc4 Nd7 24. Nf4 Nd8 25. e5 dxe5 26. Nd3 Bg5 27. Bxg5 Rxg5 28. dxe5 h5 29. Qd2 Rhg8 30. fxe6 fxe6 31. Nf4 Nxe5 32. Nd6+ Kb8 33. Nxb7 Nxb7 34. Nxe6 Nf3+ 35. Rxf3 gxf3 36. Nxg5 fxg2 37. Ne6 Qe5 38. Nd8 1-0

[Event "Uxbridge op"]
[Site "Denham"]
[Date "2009.02.20"]
[Round "1"]
[White "Farrall, David J"]
[Black "Tart, Peter K"]
[Result "0-1"]
[WhiteElo "1812"]
[BlackElo "2026"]
[PlyCount "24"]
[EventDate "2009.02.20"]
[EventType "swiss"]
[EventRounds "5"]
[EventCountry "ENG"]
[SourceTitle "EXT 2011"]
[Source "ChessBase"]
[SourceDate "2010.11.26"]
[SourceVersion "1"]
[SourceVersionDate "2010.11.26"]
[SourceQuality "1"]

1. e4 e5 2. Nf3 d5 3. exd5 Bd6 4. Bc4 e4 5. Qe2 Nf6 6. d3 0-0 7. dxe4 Nxe4 8. 0-0 Re8 9. Be3 Bg4 10. Nc3 Nxc3 11. bxc3 Bxf3 12. gxf3 Qh4 0-1

[Event "Leicestershire-ch"]
[Site "Littlethorpe"]
[Date "2008.10.20"]
[Round "6"]
[White "Harrison, Peter K"]
[Black "Farrall, David J"]
[Result "0-1"]
[WhiteElo "1664"]
[BlackElo "1696"]
[PlyCount "44"]
[EventDate "2008.05.27"]
[EventType "swiss"]
[EventRounds "6"]
[EventCountry "ENG"]
[SourceTitle "EXT 2011"]
[Source "ChessBase"]
[SourceDate "2010.11.26"]
[SourceVersion "1"]
[SourceVersionDate "2010.11.26"]
[SourceQuality "1"]

1. d4 c5 2. d5 g6 3. c4 Bg7 4. Qc2 f5 5. Nf3 Nf6 6. Nc3 d6 7. h4 0-0 8. Bg5 h6 9. Bd2 Na6 10. a3 Nc7 11. 0-0-0 a6 12. Nh2 Qe8 13. f3 b5 14. e4 b4 15. Na4 bxa3 16. bxa3 fxe4 17. fxe4 Rb8 18. Bc3 Nxe4 19. Bxg7 Kxg7 20. Qxe4 Bf5 21. Qe2 Qxa4 22. Qe3 Qc2# 0-1

[Event "BCF-chT3 0809 (4NCL)"]
[Site "Hinckley Island"]
[Date "2008.10.18"]
[Round "1.3"]
[White "Bass, John W"]
[Black "Farrall, David J"]
[Result "1-0"]
[WhiteElo "2099"]
[BlackElo "1818"]
[PlyCount "55"]
[EventDate "2008.10.18"]
[EventType "team-swiss"]
[EventRounds "11"]
[EventCountry "ENG"]
[SourceTitle "EXT 2010"]
[Source "ChessBase"]
[SourceDate "2010.11.25"]
[SourceVersion "1"]
[SourceVersionDate "2010.11.25"]
[SourceQuality "1"]
[WhiteTeam "Bristol II"]
[BlackTeam "Leicester III"]
[WhiteTeamCountry "ENG"]
[BlackTeamCountry "ENG"]

1. d4 Nf6 2. c4 e6 3. Nc3 d5 4. Bf4 c6 5. e3 Bb4 6. Qb3 Bxc3+ 7. Qxc3 dxc4 8. Bxc4 Nd5 9. Bxd5 exd5 10. Nf3 Bf5 11. 0-0 0-0 12. b4 Nd7 13. a4 a6 14. Rfc1 Re8 15. Qb3 Qb6 16. Ne5 Nxe5 17. Bxe5 Re6 18. Rc3 Rae8 19. Rac1 f6 20. Bf4 Qxd4 21. g4 Qe4 22. gxf5 Qxf5 23. b5 g5 24. Bg3 cxb5 25. axb5 Re4 26. bxa6 bxa6 27. Rc5 Rd8 28. Rd1 1-0

[Event "BCF-chT4 0708 (4NCL)"]
[Site "England"]
[Date "2008.02.10"]
[Round "6.6"]
[White "Farrall, David J"]
[Black "Henbest, Kevin B"]
[Result "1-0"]
[WhiteElo "1802"]
[BlackElo "1785"]
[PlyCount "73"]
[EventDate "2007.09.15"]
[EventType "team-swiss"]
[EventRounds "11"]
[EventCountry "ENG"]
[SourceTitle "EXT 2009"]
[Source "ChessBase"]
[SourceDate "2008.11.26"]
[SourceVersion "1"]
[SourceVersionDate "2008.11.26"]
[SourceQuality "1"]
[WhiteTeam "Littlehorpe II"]
[BlackTeam "Oxford III"]
[WhiteTeamCountry "ENG"]
[BlackTeamCountry "ENG"]

1. d4 Nf6 2. Nf3 g6 3. c4 Bg7 4. Nc3 0-0 5. e4 d6 6. Be2 e5 7. 0-0 Nc6 8. d5 Ne7 9. b4 Nh5 10. Re1 f5 11. Bf1 Nf6 12. Nd2 g5 13. f3 f4 14. c5 g4 15. Nc4 h5 16. Ba3 h4 17. cxd6 cxd6 18. b5 g3 19. h3 Bxh3 20. gxh3 Rc8 21. Bxd6 Rxc4 22. Bxe7 Qb6+ 23. Kh1 Rxc3 24. Bxf8 Bxf8 25. Rc1 Rxc1 26. Qxc1 Qf2 27. Bg2 Bc5 28. Rf1 Qd4 29. Rd1 Qf2 30. d6 Ng4 31. d7 Ne3 32. d8Q+ Kf7 33. Rd7+ Ke6 34. Qe8+ Kf6 35. Rf7+ Kg6 36. Qg8+ Kh6 37. Rh7# 1-0

[Event "BCF-chT4 0708 (4NCL)"]
[Site "England"]
[Date "2007.11.24"]
[Round "3.5"]
[White "Kingston, Ian"]
[Black "Farrall, David J"]
[Result "1-0"]
[WhiteElo "2025"]
[BlackElo "1802"]
[PlyCount "53"]
[EventDate "2007.09.15"]
[EventType "team-swiss"]
[EventRounds "11"]
[EventCountry "ENG"]
[SourceTitle "EXT 2009"]
[Source "ChessBase"]
[SourceDate "2008.11.26"]
[SourceVersion "1"]
[SourceVersionDate "2008.11.26"]
[SourceQuality "1"]
[WhiteTeam "Nottinghamshire"]
[BlackTeam "Littlehorpe II"]
[WhiteTeamCountry "ENG"]
[BlackTeamCountry "ENG"]

1. e4 c5 2. Nf3 d6 3. Bb5+ Nc6 4. 0-0 Bd7 5. Re1 e6 6. c3 a6 7. Bf1 Qc7 8. d4 cxd4 9. cxd4 Nf6 10. Nc3 0-0-0 11. Bf4 Kb8 12. Rc1 Qa5 13. a3 h6 14. Bd2 Qh5 15. b4 g5 16. d5 Na7 17. Be3 Nc8 18. b5 axb5 19. Bxb5 Bg7 20. Qa4 Rhe8 21. Bxd7 Rxd7 22. Nb5 b6 23. Rc6 exd5 24. Rec1 Rde7 25. Nc7 Rxc7 26. Rxc7 dxe4 27. Qa6 1-0